Statistics for Warrior cats relationship chain 2

Click here to take the quiz!

General Stats

  • This quiz has been taken 73 times
  • The average score is 13 of 15

Answer Stats

HintAnswer% Correct
The fire that would save the clans?Firestar
100%
His best friend?Graystripe
100%
Her father?Crookedstar
98%
His first mate?Silverstream
98%
His succesor?Leopardstar
95%
Who allied with this Shadowclan leader?Tigerstar
89%
His sister who became leader?Mistystar
84%
His mate?Bluestar
82%
Her father?Oakheart
82%
Her first deputy?Redtail
82%
Who ordered Darkstripe to kill who?Stonefur
82%
Her dead sister?Mosskit
79%
His daughter?Sandstorm
75%
Her kit who became a warrior?Squirrelflight
75%
Her father?Firestar
73%

Score Distribution

Percentile by Number Answered

Percent of People with Each Score

Your Score History

You have not taken this quiz